000 00308nam a22001337a 4500
008 171002b xxu||||| |||| 00| 0 eng d
020 _a9780205741779
041 _aeng
080 _25TH
_a37
100 _a47
101 _aEDU
245 _aTHE ALLYN & BACON GUIDE TO WRITING
_cRAMAGE,J.D
942 _2udc
_cBK
999 _c31146
_d31146